000 01126cam a2200265 a 4500
003 EG-GiCUC
008 070310s196u ua g 000 0 ara d
040 _aEG-GiCUC
_bara
_cEG-GiCUC
050 4 _aP6611
_bH48S2
092 0 4 _a081
_bS5552s
_221
099 _a04
_a081 S5552s
100 1 _aالشدياق: احمد فارس:
_d1804?-1887
245 1 2 _aالساق على الساق فى ما هو الفارياق : او : ايام وشهور وأعوام فى عجم العرب والاعجام /
_cتأليف احمد فارس الشدياق
246 3 3 _aايام وشهور وأعوام فى عجم العرب والاعجام
260 _aالقاهرة :
_bالمكتبة التجارية:
_c[196-]
300 _a2مج فى. 1 ؛
_c24سم.
500 _aنسخة مصورة عن مطبعة الفنون الوطنية.
504 _aيشتمل على ارجاعات ببليوجرافية.
650 7 _aالمقالات العربية.
_2qrmak
650 7 _aالمقالات
_xمجموعات(عربى).
_2qrmak
902 _a1
905 _aجمال
_eمدخل
905 _aعمر
_eمراجع
942 _2ddc
_cBK
999 _c93188
_d93188